Nghiên cứu một số dạng mở rộng của nguyên lý biến phân và ứng dụng : Báo cáo tổng kết đề tài khoa học và công nghệ cấp Trường

Đề tài tập trung nghiên cứu mở rộng và ứng dụng của nguyên lý biến phân. Đề xuất các dạng mở rộng của nguyên lý biến phân. Đề xuất các dạng mở rộng của nguyên lý biến phân EVP trong trường hợp ánh xạ là đa trị với các loại nghiệm t...

ver descrição completa

Na minha lista:
Detalhes bibliográficos
Autor principal: Đinh, Ngọc Quý
Formato: Livro
Idioma:Undetermined
Publicado em: Cần Thơ Trường Đại học Cần Thơ 2015
Assuntos:
Tags: Adicionar Tag
Sem tags, seja o primeiro a adicionar uma tag!
Thư viện lưu trữ: Trung tâm Học liệu Trường Đại học Cần Thơ
LEADER 01544nam a2200241Ia 4500
001 CTU_210242
008 210402s9999 xx 000 0 und d
082 |a 515.076 
082 |b Qu523 
088 |a T2014-50 
100 |a Đinh, Ngọc Quý 
245 0 |a Nghiên cứu một số dạng mở rộng của nguyên lý biến phân và ứng dụng : 
245 0 |b Báo cáo tổng kết đề tài khoa học và công nghệ cấp Trường 
245 0 |c Đinh Ngọc Quý (chủ nhiệm đề tài) 
260 |a Cần Thơ 
260 |b Trường Đại học Cần Thơ 
260 |c 2015 
520 |a Đề tài tập trung nghiên cứu mở rộng và ứng dụng của nguyên lý biến phân. Đề xuất các dạng mở rộng của nguyên lý biến phân. Đề xuất các dạng mở rộng của nguyên lý biến phân EVP trong trường hợp ánh xạ là đa trị với các loại nghiệm tối ưu khác nhau; Đề xuất ứng dụng của nguyên lý biến phân Ekeland trong tồn tại nghiệm và ổn định nghiệm của bài toán cân bằng. 
650 |a Mathematical analysis,Mathematical analysis,Toán học tích phân,Toán học tích phân 
650 |x Problems, exercises, etc.,Câu hỏi và bài tập 
904 |i Nguyễn Duy Khang,Qhieu 
915 |a TN 
980 |a Trung tâm Học liệu Trường Đại học Cần Thơ